कुटुंब लघुकथाएं/ (Record no. 204046)
[ view plain ]
| 000 -LEADER | |
|---|---|
| fixed length control field | 00810nam a22001817a 4500 |
| 005 - DATE AND TIME OF LATEST TRANSACTION | |
| control field | 20250403154656.0 |
| 010 ## - LCCN (DPL NO) | |
| LC control number | HIN- 127959 HIN-129587 |
| 020 ## - INTERNATIONAL STANDARD BOOK NUMBER | |
| Terms of availability | 250.00 |
| International Standard Book Number | 9788195550685 |
| 035 ## - SYSTEM CONTROL NUMBER | |
| System control number | HN-100305 HN-101933 |
| 037 ## - SOURCE OF ACQUISITION | |
| Source of stock number/acquisition | DBAD |
| 082 ## - DEWEY DECIMAL CLASSIFICATION NUMBER | |
| Classification number | क |
| 100 ## - MAIN ENTRY--PERSONAL NAME | |
| Personal name | त्रिखा, नीलम |
| 245 ## - TITLE STATEMENT | |
| Title | कुटुंब लघुकथाएं/ |
| Statement of responsibility, etc | संपादक द्वारा नीलम त्रिखा |
| 260 ## - PUBLICATION, DISTRIBUTION, ETC. (IMPRINT) | |
| Place of publication, distribution, etc | पुणे |
| Name of publisher, distributor, etc | संज्योती पब्लिकेशन |
| 270 ## - ADDRESS | |
| City | पुणे |
| Address | कृष्णाअरुण निवास, सर्वे नंबर 56/2/2, ममता लाइन नंबर 3, वडगांव शेरी, पुणे |
| Postal code | 411014 |
| 300 ## - PHYSICAL DESCRIPTION | |
| Extent | 87p. |
| Dimensions | 22cm (pb) |
| 942 ## - ADDED ENTRY ELEMENTS (KOHA) | |
| Source of classification or shelving scheme | Dewey Decimal Classification |
| Item type | English Books |
| Classification part | क |
| Call number suffix | कुटुंब |
| Withdrawn status | Lost status | Not for loan | Collection code | Home library | Current library | Date acquired | Source of acquisition | Cost, normal purchase price | Full call number | Barcode | Cost, replacement price | Koha item type | Copy number |
|---|---|---|---|---|---|---|---|---|---|---|---|---|---|
| Fiction | Central Jail Tihar | Central Library | 09/07/2024 | DBAD | 250.00 | क कुटुंब | HN-100305 | 250.00 | Hindi Books | ||||
| Fiction | Patel Nagar | Patel Nagar | 03/04/2025 | DBAD | 250.00 | क कुटुंब | HN-101933 | 250.00 | English Books | 1 |
